Statistiques concernant Les 20 plus grandes villes de Corée du Sud sur une carte

Cliquez ici pour prendre le quiz!

Statistiques générales

  • Ce quiz a été pris 224 fois
  • Le résultat moyen est 7 sur 20

Réponses sur la Carte

Les réponses sont colorées sur une échelle allant du rouge au vert en fonction du pourcentage des utilisateurs qui les ont devinées à leur premier essai. Vous pouvez retrouver ces pourcentages ci-dessous.
 

Statistiques - réponses

Villes% Correct
Séoul
100%
Busan
93%
Daegu
68%
Incheon
65%
Ulsan
46%
Gwangju
44%
Daejeon
35%
Suwon
35%
Jeonju
24%
Seongnam
23%
Changwon
22%
Ansan
21%
Goyang
21%
Bucheon
20%
Anyang
19%
Cheongju
16%
Namyangju
16%
Yongin
16%
Cheonan
15%
Hwaseong
15%

Distribution des résultats

Percentile par nombre de réponses

% des personnes avec chaque résultat

Votre développement - résultats

Vous n’avez pas pris ce quiz